Sports Quiz

Random Sports or MLB Quiz

MLB Walk Leaders Quiz Stats

 Plays Quiz Updated Dec 23, 2018

     
Support Sporcle.
Go Orange.
Score 0/25 Timer 07:00
1 Play Today
Rank Player % Correct
1Barry Bonds
96.7%
3Babe Ruth
91.7%
4Ted Williams
70.6%
8Mickey Mantle
69.8%
22Willie Mays
68.2%
17Lou Gehrig
63.5%
14Pete Rose
60%
2Rickey Henderson
59.5%
16Chipper Jones
57.8%
10Frank Thomas
48.6%
7Jim Thome
47.9%
25Frank Robinson
46.6%
13Stan Musial
44.8%
Rank Player % Correct
18Mike Schmidt
41%
23Jimmie Foxx
40.3%
15Harmon Killebrew
37.7%
6Carl Yastrzemski
35.5%
9Mel Ott
31.7%
5Joe Morgan
29.2%
24Eddie Mathews
21.9%
20Bobby Abreu
21%
21Gary Sheffield
19.9%
12Darrell Evans
12.2%
19Eddie Collins
10.3%
11Eddie Yost
7.2%

From the Vault

Big 4 Sports Champs of the 1990s

by philly_phan

Sports 10m
It's 2020. We can officially say the '90s were a long time ago.
Remove Ads.
Support Sporcle.
Get the best of Sporcle when you Go Orange. This ad-free experience offers more features, more stats, and more fun while also helping to support Sporcle. Thank you for becoming a member.

Show Comments

Extras

Top Quizzes Today


Score Distribution

Your Account Isn't Verified!

In order to create a playlist on Sporcle, you need to verify the email address you used during registration. Go to your Sporcle Settings to finish the process.

Report this User

Report this user for behavior that violates our Community Guidelines.

Details: